000 01013nam a2200253Ia 4500
003 OSt
005 20251217143113.0
008 221004b |||||||| |||| 00| 0 hin d
020 _a9789326354271 (hbk)
037 _cTB
040 _aCRL
_cCRL
_bhin
041 _2hin
_ahin
084 _aO152,8N44x Q5
_qCL
100 _aसूर्यबाला, ले.
_9857434
245 0 _aयह व्यंग्य कौ पन्थ
246 _aYah vyangya kau pantha
260 _aनई दिल्ली :
_bभारतीय ज्ञानपीठ भारत ,
_c2015.
300 _a152पृ0
_ccm.
490 _aलोकोदय ग्रन्थमाला; ग्रन्थांक 1266
650 _a हिन्दी साहित्य
_9857435
650 _aहिन्दी हास्य व्यग्ंय
_9857436
942 _hO152,844x Q5
_cTB
_2CC
_n0
999 _c1019370
_d1019370